| 000 | 00895cam a2200229 4500 | ||
|---|---|---|---|
| 001 | ABS64566 | ||
| 008 | 010924n2001 000 0 eng u | ||
| 035 | _a(Sirsi) u114805 | ||
| 100 | _aWebber, G. | ||
| 245 | _aPossession claims | ||
| 260 | _c2001 | ||
| 490 |
_aSolicitors' Journal _v145(34) 14 September 2001, 817-820(4) |
||
| 520 | _aFirst of a four-part guide to the new possession and lease renewal procedures under the Civil Procedure Rules. Part 1 looks at, and provides guidance on, standard possession claims. Includes sections on: Which court?;starting the claim; hearing date and service; the defendant; the hearing; and costs. | ||
| 590 | _aABS | ||
| 650 | _aCIVIL PROCEDURE RULES | ||
| 650 | _aPOSSESSION CLAIMS | ||
| 650 | _aLEASE RENEWALS | ||
| 650 | _aPROCEDURES | ||
| 650 | _aCIVIL PROCEDURE RULES PART 55 | ||
| 690 | _aLANDLORD AND TENANT-LEASES | ||
| 942 | _n0 | ||
| 999 |
_c68349 _d68349 |
||